000
00251nam a2200097Ia 4500
001
690038
005
20250826161808.0
008
250824s9999 xx 000 0 und d
245
0
_a
ÖLÜ BİR KELEBEK/S.İLERİ/EVEREST
_c
SELİM İLERİ
260
_b
EVEREST
999
_c
690038
_d
690038